Horses nine ; stories of harness and saddle.

Bibliographic Details
Main Author: Ford, Sewell, 1868-1946
Format: Book
Language:English
Published: Freeport, N.Y. : Books for Libraries Press, [1970]
Series:Short story index reprint series.

MARC

Tag First Indicator Second Indicator Subfields
LEADER 00000cam a2200000 4500
001 in00000720821
005 20170111101035.0
008 700817r19701903nyua 00001 eng
010 |a  70122701  
020 |a 0836935349 
035 |a (OCoLC)00089992 
035 |9 ADD8222AM 
040 |a DLC  |c DLC  |d TXA  |d UtOrBLW 
049 |a TXAM  |c [1202804] 
050 0 0 |a PZ3.F756  |b Hor8  |a PS3511.O418 
090 |a PS3511.O418  |b H67 1970 
100 1 |a Ford, Sewell,  |d 1868-1946. 
245 1 0 |a Horses nine ;  |b stories of harness and saddle. 
264 1 |a Freeport, N.Y. :  |b Books for Libraries Press,  |c [1970] 
300 |a v, 270 pages :  |b illustrations ;  |c 21 cm. 
336 |a text  |b txt  |2 rdacontent 
337 |a unmediated  |b n  |2 rdamedia 
338 |a volume  |b nc  |2 rdacarrier 
490 1 |a Short story index reprint series 
500 |a Reprint of the 1903 edition. 
830 0 |a Short story index reprint series. 
999 |a MARS 
999 f f |s fd67b253-d34a-37de-b744-e97d73fc024e  |i 0a731ddf-0c6e-3a0d-902b-b66f13eaf590  |t 0 
952 f f |p ric  |a Texas A&M University  |b Rellis Campus  |c Joint Library Facility  |d Remote Storage  |t 0  |e PS3511.O418 H67 1970  |h Library of Congress classification  |i unmediated -- volume  |m A14804228275 
998 f f |a PS3511.O418 H67 1970  |t 0  |l Remote Storage